Fungos micorrízicos arbusculares na cultura do cacaueiro I: ocorrência e diversidade em sistemas cacau-cabruca (Registro n. 9254)
[ somente texto ]
| 000 -LÍDER | |
|---|---|
| fixed length control field | 03969nab a2200313 i 4500 |
| 003 - CÓDIGO MARC DA AGÊNCIA CATALOGADORA | |
| Campo de controle | BR-BrBNA |
| 005 - DATA E HORA DA ÚLTIMA ATUALIZAÇÃO | |
| Campo de controle | 20230822143637.0 |
| 008 - CAMPO DE TAMANHO FIXO | |
| fixed length control field | 230530b2020 bl.ar|pooa||| 00| 0 por | |
| 040 ## - FONTE DA CATALOGAÇÃO | |
| Agência catalogadora | BR-BrBNA |
| Idioma da catalogação | por |
| 072 ## - CATEGORIA AGRIS | |
| Código AGRIS | P34 |
| Código do objeto | 2110 |
| 100 ## - ENTRADA PRINCIPAL - NOME PESSOAL | |
| Nome pessoal | Santos, Maria Aparecida N. |
| 100 ## - ENTRADA PRINCIPAL - NOME PESSOAL | |
| Nome pessoal | Sousa, Carla S. |
| 100 ## - ENTRADA PRINCIPAL - NOME PESSOAL | |
| Nome pessoal | Gross, Eduardo |
| 100 ## - ENTRADA PRINCIPAL - NOME PESSOAL | |
| Nome pessoal | Oliveira Filho, Leoberto J. X |
| 100 ## - ENTRADA PRINCIPAL - NOME PESSOAL | |
| Nome pessoal | Lima, Thâmara M. |
| 100 ## - ENTRADA PRINCIPAL - NOME PESSOAL | |
| Nome pessoal | Goto, Bruno T. |
| 245 ## - TÍTULO PRINCIPAL | |
| Título principal | Fungos micorrízicos arbusculares na cultura do cacaueiro I: ocorrência e diversidade em sistemas cacau-cabruca |
| 500 ## - NOTA GERAL | |
| Nota geral | Publicação on-line; 30 ref.; 6 tables; Summaries (En, Pt) |
| 942 ## - ADDED ENTRY ELEMENTS (KOHA) | |
| Koha item type | |
| 520 ## - NOTA DE RESUMO | |
| Nota de conteúdo | O presente estudo teve como objetivo avaliar a ocorrência e diversidade de fungos micorrízicos arbusculares<br/>(FMAs) em plantios de cacau-cabruca localizados na região do Sul da Bahia. Inicialmente, foram realizadas coletas<br/>de amostras de solo e raízes de plantas de cacaueiro, em dois períodos climáticos (seco e chuvoso), em seis áreas<br/>de cacau-cabruca. Nas amostras, foram realizadas: avaliação da densidade de esporos, caracterização química do<br/>solo, identificação taxonômica das espécies e avaliação da taxa de colonização micorrízica das raízes. Com exceção<br/>da área 1, que apresentou maior densidade de esporos no período chuvoso, a maior densidade de esporos foi<br/>registrada nas amostras de solo coletadas no período seco. Não houve interferência do período de coleta sobre a<br/>taxa de colonização das raízes das plantas de cacau. Foram identificadas um total de 26 espécies de fungos<br/>micorrízicos arbusculares, sendo registrada maior riqueza de espécies nas áreas 2 (11 espécies), com predominância<br/>dos gêneros Glomus e Acaulospora. Houve correlação positiva significativa entre taxa de colonização das raízes e<br/>os teores de Mg e pH do solo.<br/><br/>Palavras-chave: micorrização, Theobroma cacao L., identificação taxonômica.<br/><br/><br/> |
| 520 ## - NOTA DE RESUMO | |
| Nota de conteúdo | Arbuscular mycorrhizal fungi in the cacaueiro I culture: Occurrence and diversity in cocoa-cabruca systems. <br/><br/>The present study aimed to evaluate the occurrence and diversity of arbuscular mycorrhizal fungi (AMFs) in <br/>cocoa-cabruca plantations located in the southern region of Bahia. Initially, samples were collected from soil and roots<br/>of cacao plants, in two climatic periods (dry and rainy), in six areas of cacao-cabruca. In the samples, were carried out: <br/>evaluation of spore density, chemical characterization of the soil, taxonomic identification of the species and evaluation <br/>of the rate of mycorrhizal colonization of the roots. With the exception of area 1, which showed the highest spore density <br/>in the rainy season, the highest spore density was recorded in soil samples collected in the dry period. There was no <br/>interference from the collection period on the rate of colonization of the roots of cocoa plants. A total of 26 species of <br/>arbuscular mycorrhizal fungi were identified, with greater species richness recorded in areas 2 (11 species), with <br/>predominance of the genera Glomus and Acaulospora. There was a significant positive correlation between root <br/>colonization rate and soil Mg and pH levels.<br/><br/>Key words: Mycorrhization, Theobroma cacao L., taxonomic identification.<br/> |
| 650 ## - ASSUNTO - THESAGRO | |
| Cabeçalho tópico ou nome geográfico | MICORRIZA VESICULAR ARBUSCULAR |
| 650 ## - ASSUNTO - THESAGRO | |
| Cabeçalho tópico ou nome geográfico | THEOBROMA CACAO |
| 650 ## - ASSUNTO - THESAGRO | |
| Cabeçalho tópico ou nome geográfico | TAXONOMIA |
| 773 0# - ENTRADA ANALÍTICA | |
| Host Biblionumber | 1823 |
| Registro do item | 6918 |
| Imprenta | Itabuna-BA Comissão Executiva do Plano de Lavoura Cacaueira 1989 |
| Outro identificador | 2023-124816 |
| Título | Agrotrópica (Brazil) |
| ISSN | 0103-3816 |
| Colação | v.32(3) p. 189-196; (Sep-Dec 2020) |
| Número de controle de registro | BR2023000599 |
| 856 ## - ACESSO E ENDEREÇO ELETRÔNICO | |
| Identificador uniforme de recurso - URI | https://www.gov.br/agricultura/pt-br/assuntos/ceplac/publicacoes/revista-agrotropica/artigos/2020-DOI-10.21757/0103-3816-2020v32n3p189-196.pdf |
| 856 ## - ACESSO E ENDEREÇO ELETRÔNICO | |
| Identificador uniforme de recurso - URI | https://www.gov.br/agricultura/pt-br/assuntos/ceplac/publicacoes/revista-agrotropica/revista-volumes/2000-a-2010/revista-agrotropica-vol-32-no-3-2020.pdf |
Nenhum exemplar disponível.

BINAGRI